TV Shows by Opening Sequence II Quiz Stats

 Plays Quiz Updated Oct 10, 2017

Score 0/30 Timer 10:00
2 Plays Today
% Correct
Friends
98.5%
Star Trek
94.1%
Family Guy
94%
Malcolm in the Middle
86%
Happy Days
77.3%
CSI: Miami
77.1%
The X-Files
76.3%
Whose Line Is It Anyway?
75.8%
New Girl
74.9%
Parks and Recreation
74.9%
The West Wing
74.1%
Cheers
71.9%
The Muppet Show
70.3%
Mad Men
70.3%
The Colbert Report
69%
% Correct
House, M.D.
68.7%
Grey's Anatomy
67.6%
Family Matters
67%
Magnum, P.I.
65.7%
Starsky and Hutch
65.7%
The Sopranos
62.3%
Game of Thrones
61.2%
The Big Bang Theory
61%
Entourage
59.3%
True Blood
53.2%
Inspector Gadget
39.6%
Mission: Impossible
37.5%
Two Guys and a Girl
32%
The Wire
30.6%
The Unit
15.4%

You're not logged in!

Compare scores with friends on all Sporcle quizzes.
OR
Log In

You Might Also Like...

Show Comments

Extras

Top Quizzes Today


Score Distribution

Your Account Isn't Verified!

In order to create a playlist on Sporcle, you need to verify the email address you used during registration. Go to your Sporcle Settings to finish the process.

Report this User

Report this user for behavior that violates our Community Guidelines.

Details: